000 00673nam a2200217Ia 4500
003 OSt
005 20221007083050.0
006 a|||||r|||| 00| 0
007 ta
008 221006b |||||||| |||| 00| 0 eng d
024 _a46,381
037 _cDissertations
040 _aFLL
_cFLL
_beng
041 _2eng
_aeng
100 _aCHAUDHARY Vatika
_9700226
245 0 _aRestoring the dignity and the need to uplift transgender community
_b with reference to socio-economic rights as per the constitution of India & in the international arena
260 _c2021
300 _a104p.
_ccm.
942 _cDIS
_2CC
999 _c1168684
_d1168684